Slovenia-visa - Statistics

Yleistilastot
  • Tätä visaa on pelattu 430 kertaa
  • Keskiarvotulos 12 / 20
Vastaustilastot
Vihje Vastaus % Oikein
Rajanaapurit Kroatia
97%
Rajanaapurit Italia
96%
Pääkaupunki Ljubljana
94%
Rajanaapurit Itävalta
93%
Rajanaapurit Unkari
92%
Slovenian valuutta Euro
90%
Valtio, josta Slovenia itsenäistyi vuonna 1991 Jugoslavia
89%
Etninen ryhmä, johon sloveenit, venäläiset ja puolalaiset kuuluvat Slaavit
73%
Slovenialaissyntyinen malli, josta tuli "Yhdysvaltain ensimmäinen nainen". {Melania} Trump
72%
Välimeren osa, jonka rannalla Slovenia sijaitsee {Adrian}meri
67%
Virallinen kieli Sloveeni
60%
Vuorijono, johon yllä mainittu kuuluu Juliset {Alpit}
52%
Vuosina 1880–1910 arviolta kuudesosa sloveeneista muutti pois, lähinnä tähän maahan Yhdysvallat
52%
Sokeat salamanterit, "Olmit" elävät Sloveniassa. Mistä voit löytää niitä? Luolista
29%
Toiseksi suurin kaupunki Maribor
25%
Rakennus, jossa voit vierailla pienellä Bled-järven keskellä olevalla saarella Kirkko
23%
Nimeä yksi kolmesta pääjoesta, jotka virtaavat Slovenian läpi Sava | Drava | Mura
21%
Yllä olevaa edeltänyt valuutta Tolar
15%
Myös Slovenian lipussa esiintyvä maan korkein vuori Triglav
15%
Länsi-Slovenia tunnetaan nimellä "Primorska". Mitä sana "Primorska" tarkoittaa? Rannikkomaata
14%
Ehtoja vastaavia visoja ei löytynyt
Tulosjakauma
Jokaisen tuloksen saaneiden osuus
Persentiili vastausten määrän mukaan
Tuloshistoriasi
Et ole pelannut tätä visaa